[Event "6. Open Veteranos de Calviá"]
[Site "Calviá ESP"]
[Date "2006.10.20"]
[Round "1.1"]
[White "Andersson, Ulf"]
[Black "Pomar Mir, Francisco"]
[Result "1-0"]
[WhiteElo "2542"]
[BlackElo "1996"]
[PlyCount "95"]
[EventDate "2006.10.20"]
[EventType "swiss"]
[EventRounds "9"]
[EventCountry "ESP"]
[Source "lmi"]
[SourceDate "2006.10.20"]

1. d4 e6 2. Nf3 Nf6 3. c4 Bb4+ 4. Bd2 Qe7 5. g3 O-O 6. Bg2 d5 7. Qc2 Na6 8. O-O
Bxd2 9. Nbxd2 c5 10. cxd5 exd5 11. dxc5 Nxc5 12. Rac1 b6 13. Nd4 Bd7 14. e3
Rac8 15. Qb1 Nfe4 16. Rfd1 Rfe8 17. Nxe4 dxe4 18. Bf1 h5 19. a3 Bg4 20. Rd2 h4
21. b4 Nd3 22. Rxc8 Rxc8 23. Rc2 Rxc2 24. Qxc2 Ne1 25. Qc6 hxg3 26. hxg3 Nf3+
27. Nxf3 exf3 28. Bd3 Qd8 29. Qe4 Qd7 30. Qa8+ Qc8 31. Qxc8+ Bxc8 32. Be4 Bg4
33. Kf1 Kf8 34. Ke1 Ke7 35. Kd2 Kd6 36. Kc3 Ke5 37. Bb7 f5 38. Kc4 Kd6 39. Kd4
Bh5 40. e4 fxe4 41. Kxe4 a5 42. Kf4 axb4 43. axb4 Bf7 44. Bxf3 Bd5 45. Be2 Bf7
46. Ke4 Bd5+ 47. Kd4 Bf7 48. f4 1-0

[Event "6. Open Veteranos de Calviá"]
[Site "Calviá ESP"]
[Date "2006.10.20"]
[Round "1.2"]
[White "Yanez Acin, Gonzalo"]
[Black "Suba, Mihai"]
[Result "0-1"]
[WhiteElo "1988"]
[BlackElo "2535"]
[PlyCount "74"]
[EventDate "2006.10.20"]
[EventType "swiss"]
[EventRounds "9"]
[EventCountry "ESP"]
[Source "lmi"]
[SourceDate "2006.10.20"]

1. e4 c5 2. Nf3 d6 3. Bb5+ Nc6 4. O-O Bd7 5. c3 a6 6. Be2 Nf6 7. a4 e5 8. Na3
Be7 9. d3 O-O 10. Nc4 h6 11. Re1 Qc7 12. Ne3 b5 13. b3 Rfb8 14. axb5 axb5 15.
Bb2 Rxa1 16. Qxa1 Qb7 17. h3 Be6 18. Nd2 Ra8 19. Qb1 Ra5 20. g4 Ne8 21. Qc2 Qa7
22. Rb1 Bg5 23. Ndf1 Ra2 24. Bd1 Nf6 25. Qe2 b4 26. Qe1 bxc3 27. Bxc3 h5 28.
Kg2 hxg4 29. hxg4 Qd7 30. Rb2 Rxb2 31. Bxb2 Nxg4 32. Nxg4 Bxg4 33. Bxg4 Qxg4+
34. Ng3 Nb4 35. Qc3 Qd1 36. Nf5 Nxd3 37. f3 Nf4+ 0-1

[Event "6. Open Veteranos de Calviá"]
[Site "Calviá ESP"]
[Date "2006.10.20"]
[Round "1.3"]
[White "Ermenkov, Evgenij"]
[Black "Lastras Hernandez, Tomas"]
[Result "1-0"]
[WhiteElo "2455"]
[BlackElo "1986"]
[PlyCount "47"]
[EventDate "2006.10.20"]
[EventType "swiss"]
[EventRounds "9"]
[EventCountry "ESP"]
[Source "lmi"]
[SourceDate "2006.10.20"]

1. e4 c5 2. Nc3 Nc6 3. Nge2 Nf6 4. g3 e5 5. Bg2 d6 6. d3 Be7 7. h3 O-O 8. O-O
Be6 9. f4 Qb6 10. Kh2 Rad8 11. f5 Bd7 12. g4 h6 13. Ng3 Kh7 14. h4 Rh8 15. Bf3
Nd4 16. g5 Ng8 17. Nd5 Qc6 18. Bh5 Be8 19. c3 Nb5 20. g6+ fxg6 21. Bxg6+ Bxg6
22. fxg6+ Kxg6 23. Qh5+ Kh7 24. Qf5+ 1-0

[Event "6. Open Veteranos de Calviá"]
[Site "Calviá ESP"]
[Date "2006.10.20"]
[Round "1.4"]
[White "Castan Sanclemente, Alejandro"]
[Black "Bellon Lopez, Juan Manuel"]
[Result "0-1"]
[WhiteElo "1982"]
[BlackElo "2438"]
[PlyCount "40"]
[EventDate "2006.10.20"]
[EventType "swiss"]
[EventRounds "9"]
[EventCountry "ESP"]
[Source "lmi"]
[SourceDate "2006.10.20"]

1. d4 Nf6 2. Nf3 c5 3. dxc5 e6 4. Nc3 Bxc5 5. Bg5 Qb6 6. Bh4 Qxb2 7. Bxf6 gxf6
8. Ne4 Bb4+ 9. Ned2 Nc6 10. e3 Ne5 11. Nxe5 fxe5 12. Bd3 e4 13. Bxe4 Bxd2+ 14.
Kxd2 Qb4+ 15. Kd3 d5 16. Bxd5 exd5 17. Ke2 Rg8 18. Qxd5 Be6 19. Qe5 Qc4+ 20.
Kf3 Qg4# 0-1

[Event "6. Open Veteranos de Calviá"]
[Site "Calviá ESP"]
[Date "2006.10.20"]
[Round "1.5"]
[White "Spassov, Liuben"]
[Black "Perez Cameselle, Francisco"]
[Result "1-0"]
[WhiteElo "2365"]
[BlackElo "1981"]
[PlyCount "71"]
[EventDate "2006.10.20"]
[EventType "swiss"]
[EventRounds "9"]
[EventCountry "ESP"]
[Source "lmi"]
[SourceDate "2006.10.20"]

1. d4 Nf6 2. c4 c5 3. d5 e6 4. Nc3 exd5 5. cxd5 d6 6. e4 g6 7. f3 Bg7 8. Bg5 h6
9. Be3 O-O 10. Qd2 Kh7 11. Nge2 Na6 12. Ng3 Nc7 13. Bc4 Rb8 14. a4 b6 15. Rb1
a6 16. b4 b5 17. bxc5 Nd7 18. cxd6 bxc4 19. Rxb8 Nxb8 20. dxc7 Qxc7 21. O-O Nd7
22. Bd4 Ne5 23. f4 Nd3 24. Bxg7 Qc5+ 25. Kh1 Kxg7 26. h3 Bd7 27. Rb1 h5 28. Kh2
h4 29. Nf1 f6 30. Ne3 Qc7 31. Ne2 Bxa4 32. d6 Qxd6 33. Nxc4 Qd8 34. Rb7+ Kh8
35. Qe3 Bb5 36. Qa7 1-0

[Event "6. Open Veteranos de Calviá"]
[Site "Calviá ESP"]
[Date "2006.10.20"]
[Round "1.6"]
[White "Gomez Feria, Jose Maria"]
[Black "Berry, Stephen"]
[Result "0-1"]
[WhiteElo "1973"]
[BlackElo "2365"]
[PlyCount "94"]
[EventDate "2006.10.20"]
[EventType "swiss"]
[EventRounds "9"]
[EventCountry "ESP"]
[Source "lmi"]
[SourceDate "2006.10.20"]

1. Nf3 d6 2. d4 Nf6 3. c4 Nbd7 4. Nc3 e5 5. e3 g6 6. b3 Bg7 7. Bb2 O-O 8. g3
Re8 9. Bg2 Qe7 10. O-O c6 11. Re1 Nf8 12. h3 h5 13. dxe5 dxe5 14. Qe2 e4 15.
Nd2 Bf5 16. Rad1 N8h7 17. Qf1 Rad8 18. Ne2 Ng5 19. Nd4 Bc8 20. Nb1 c5 21. Ne2
Nf3+ 22. Bxf3 exf3 23. Nf4 g5 24. Bxf6 Bxf6 25. Nxh5 Be5 26. Rxd8 Rxd8 27. Rd1
Bf5 28. Rd5 Rxd5 29. cxd5 Bg6 30. g4 Qd6 31. Qd1 Bxb1 32. Qxb1 Qxd5 33. Qc2 Qd6
34. Kf1 b5 35. Ke1 b4 36. Kf1 a5 37. Kg1 Kf8 38. Kh1 Ke8 39. Kg1 Kf8 40. Kh1
Kg8 41. Kg1 Kh8 42. Kh1 Qa6 43. Qd1 Qe2 44. Qg1 c4 45. bxc4 Qxc4 46. Ng3 Bxg3
47. Qxg3 Qf1+ 0-1

[Event "6. Open Veteranos de Calviá"]
[Site "Calviá ESP"]
[Date "2006.10.20"]
[Round "1.7"]
[White "Garcia Martinez, Silvino"]
[Black "Mercadal Melia, Dante"]
[Result "1-0"]
[WhiteElo "2316"]
[BlackElo "1973"]
[PlyCount "60"]
[EventDate "2006.10.20"]
[EventType "swiss"]
[EventRounds "9"]
[EventCountry "ESP"]
[Source "lmi"]
[SourceDate "2006.10.20"]

1. e4 b6 2. d4 Bb7 3. Nd2 e6 4. Ngf3 Nf6 5. Bd3 d5 6. e5 Ne4 7. Qe2 Nxd2 8.
Bxd2 c5 9. c3 c4 10. Bc2 Be7 11. h4 h6 12. h5 b5 13. g3 a5 14. Nh4 Nc6 15. Qg4
Bg5 16. f4 Bxh4 17. gxh4 Qe7 18. Qxg7 O-O-O 19. Qf6 Qxf6 20. exf6 Rdg8 21.
O-O-O Rg2 22. Rdg1 Rxg1+ 23. Rxg1 Kc7 24. Rg7 Nd8 25. Bh7 Rf8 26. f5 Bc8 27.
Bxh6 exf5 28. Rg8 Rxg8 29. Bxg8 Kd7 30. Bg7 Nc6 1-0

[Event "6. Open Veteranos de Calviá"]
[Site "Calviá ESP"]
[Date "2006.10.20"]
[Round "1.8"]
[White "Arias Velasco, Jose"]
[Black "Simon Padros, Emili"]
[Result "0-1"]
[WhiteElo "1961"]
[BlackElo "2260"]
[PlyCount "54"]
[EventDate "2006.10.20"]
[EventType "swiss"]
[EventRounds "9"]
[EventCountry "ESP"]
[Source "lmi"]
[SourceDate "2006.10.20"]

1. e4 e6 2. d3 c5 3. Nf3 Nc6 4. c3 d5 5. Be2 Nf6 6. e5 Nd7 7. d4 cxd4 8. cxd4
f6 9. exf6 Nxf6 10. O-O Bd6 11. Bg5 O-O 12. Nc3 Qb6 13. Nb5 Bb8 14. a3 a6 15.
Nc3 Ba7 16. Na4 Qc7 17. Bxf6 Rxf6 18. Qd3 Qf4 19. g3 Qe4 20. Rad1 Qxd3 21. Rxd3
Bd7 22. Nc3 Raf8 23. b4 Be8 24. Kg2 Bg6 25. Rd2 h6 26. b5 axb5 27. Nxb5 Be4 0-1

[Event "6. Open Veteranos de Calviá"]
[Site "Calviá ESP"]
[Date "2006.10.20"]
[Round "1.9"]
[White "Anguera Maestro, Jaime"]
[Black "Patola, Eero"]
[Result "1-0"]
[WhiteElo "2214"]
[BlackElo "1959"]
[PlyCount "95"]
[EventDate "2006.10.20"]
[EventType "swiss"]
[EventRounds "9"]
[EventCountry "ESP"]
[Source "lmi"]
[SourceDate "2006.10.20"]

1. d4 f5 2. g3 Nf6 3. Bg2 g6 4. Nf3 Bg7 5. O-O O-O 6. c4 d6 7. Nc3 Qe8 8. d5
Na6 9. Nd4 Bd7 10. Bg5 Qf7 11. Ne6 Rfe8 12. Nb5 Rec8 13. Nxg7 Kxg7 14. Nd4 Rab8
15. Qd2 c6 16. Qe3 h5 17. Rac1 c5 18. Ne6+ Kh8 19. Bh4 Bxe6 20. dxe6 Qg7 21.
Rfd1 Rd8 22. Bg5 Kh7 23. Qc3 Ng8 24. e4 Qxc3 25. Rxc3 fxe4 26. Bxe4 Nc7 27. Rf3
Nxe6 28. Rf7+ Ng7 29. Rd3 Re8 30. Rb3 Nh6 31. Rxe7 Rxe7 32. Bxe7 Ngf5 33. Bf6
b6 34. Ra3 a5 35. Rb3 Ng4 36. Bc3 Ne5 37. Bxe5 dxe5 38. Bxf5 gxf5 39. Rd3 b5
40. Rb3 b4 41. Rd3 Kg6 42. Rd5 Rc8 43. Rxe5 Kf6 44. Rd5 Ke6 45. Kg2 a4 46. Kf3
Rc6 47. Kf4 Rd6 48. Rxd6+ 1-0

[Event "6. Open Veteranos de Calviá"]
[Site "Calviá ESP"]
[Date "2006.10.20"]
[Round "1.10"]
[White "Salgado Gonzalez, Julio"]
[Black "Kozarcanin, Sead"]
[Result "0-1"]
[WhiteElo "1955"]
[BlackElo "2213"]
[PlyCount "49"]
[EventDate "2006.10.20"]
[EventType "swiss"]
[EventRounds "9"]
[EventCountry "ESP"]
[Source "lmi"]
[SourceDate "2006.10.20"]

1. d4 d5 2. Bf4 c5 3. Bxb8 Rxb8 4. e3 Nf6 5. dxc5 Qa5+ 6. Nc3 e6 7. a3 Qxc5 8.
Nf3 a6 9. Bd3 Be7 10. O-O O-O 11. Qe2 b5 12. Ne5 Ne4 13. f4 f5 14. Nd1 Bf6 15.
Nf3 h6 16. c3 g5 17. fxg5 hxg5 18. Nd4 g4 19. Nf2 e5 20. Nxf5 Bxf5 21. Nxg4 Bg7
22. Nxe5 Bxe5 23. Rxf5 Rxf5 24. Qg4+ Bg7 25. Qd1 0-1

[Event "6. Open Veteranos de Calviá"]
[Site "Calviá ESP"]
[Date "2006.10.20"]
[Round "1.11"]
[White "Buxade Roca, Guillermo"]
[Black "Garcia Sanchez, Jose Manuel"]
[Result "1-0"]
[WhiteElo "2205"]
[BlackElo "1945"]
[PlyCount "71"]
[EventDate "2006.10.20"]
[EventType "swiss"]
[EventRounds "9"]
[EventCountry "ESP"]
[Source "lmi"]
[SourceDate "2006.10.20"]

1. e4 c5 2. Nc3 Nc6 3. g3 d6 4. Bg2 Nf6 5. d3 g6 6. h3 Bg7 7. Be3 O-O 8. Nge2
Bd7 9. O-O a6 10. f4 e5 11. f5 Nd4 12. g4 h6 13. g5 hxg5 14. Bxg5 Qe8 15. Ng3
Rc8 16. Qd2 Bc6 17. Rf2 Kh7 18. Raf1 Ng8 19. Nd5 f6 20. Be3 Qf7 21. c3 Nb5 22.
Bf3 Nc7 23. fxg6+ Qxg6 24. Rg2 Qe8 25. Bh5 Qd7 26. Nf5 Ne6 27. Nb6 Qc7 28. Nxc8
Rxc8 29. Bg6+ Kh8 30. Qe2 Nf8 31. Qh5+ Nh6 32. Bxh6 Nxg6 33. Bxg7+ Kg8 34. Rxg6
Be8 35. Qh8+ Kf7 36. Rxf6# 1-0

[Event "6. Open Veteranos de Calviá"]
[Site "Calviá ESP"]
[Date "2006.10.20"]
[Round "1.12"]
[White "Gonzalo Gonzalez, Francisco"]
[Black "Coll, Enriques Lluis"]
[Result "0-1"]
[WhiteElo "1921"]
[BlackElo "2194"]
[PlyCount "84"]
[EventDate "2006.10.20"]
[EventType "swiss"]
[EventRounds "9"]
[EventCountry "ESP"]
[Source "lmi"]
[SourceDate "2006.10.20"]

1. e4 e5 2. Nf3 d6 3. Bc4 Nd7 4. d3 Be7 5. Nc3 c6 6. Be3 Ngf6 7. Bg5 O-O 8. h3
b5 9. Bb3 Nc5 10. Nd2 a5 11. a3 h6 12. Bh4 Be6 13. Ba2 b4 14. Bxe6 Nxe6 15. Ne2
d5 16. Bxf6 Bxf6 17. O-O Qb6 18. Nf3 Rad8 19. Ng3 Nf4 20. Qd2 g6 21. Rfe1 Rfe8
22. d4 dxe4 23. Nxe4 Bg7 24. c3 b3 25. a4 f5 26. Ng3 Qb8 27. Re3 e4 28. Ne1 c5
29. Qd1 c4 30. Qd2 Nd5 31. Re2 Nf4 32. Rd1 h5 33. Re3 Bh6 34. Nf1 h4 35. f3 Nd5
36. Qf2 Qf4 37. Re2 e3 38. Nxe3 Nxe3 39. Rdd2 Bf8 40. Kh1 Bd6 41. Qg1 Nf1 42.
Rxe8+ Rxe8 0-1

[Event "6. Open Veteranos de Calviá"]
[Site "Calviá ESP"]
[Date "2006.10.20"]
[Round "1.13"]
[White "Hutchinson, Paul A"]
[Black "Penalver Guardia, Josep"]
[Result "1-0"]
[WhiteElo "2178"]
[BlackElo "1918"]
[PlyCount "115"]
[EventDate "2006.10.20"]
[EventType "swiss"]
[EventRounds "9"]
[EventCountry "ESP"]
[Source "lmi"]
[SourceDate "2006.10.20"]

1. e4 e6 2. d4 d5 3. Nc3 dxe4 4. Nxe4 Nd7 5. Nf3 Ngf6 6. Bg5 Be7 7. Nxf6+ Nxf6
8. Bc4 Bd7 9. Qe2 Nd5 10. Bxe7 Nxe7 11. O-O Bc6 12. Rad1 Bxf3 13. Qxf3 c6 14.
Rfe1 Nd5 15. Re5 Qd6 16. c3 Rd8 17. Rde1 Rd7 18. Qg4 O-O 19. Bd3 g6 20. Qf3 a6
21. h4 h5 22. g4 hxg4 23. Qxg4 Nf6 24. Qg2 Kh8 25. R1e3 Qe7 26. h5 gxh5 27. Kf1
Rg8 28. Rg3 Rd5 29. Rxg8+ Nxg8 30. Qe4 Nf6 31. Qh4 Kg7 32. Qg5+ Kf8 33. Qh6+
Ke8 34. Qh8+ Kd7 35. Qb8 Qd8 36. Qxb7+ Qc7 37. Qxc7+ Kxc7 38. Bxa6 Rxe5 39.
dxe5 Ng4 40. f4 f6 41. Be2 f5 42. Kg2 c5 43. Kg3 Kb6 44. Bc4 Ne3 45. Bxe6 Nd1
46. Bxf5 Nxb2 47. Bc2 Nc4 48. Kh4 Ne3 49. Be4 Nd1 50. c4 Nc3 51. Bd3 Nxa2 52.
f5 Kc7 53. f6 Kd8 54. e6 Nc1 55. e7+ Kd7 56. Bf5+ Ke8 57. Bg6+ Kd7 58. e8=Q+
1-0

[Event "6. Open Veteranos de Calviá"]
[Site "Calviá ESP"]
[Date "2006.10.20"]
[Round "1.14"]
[White "Alonso Igual, Ignacio"]
[Black "Estrada Martinez, Cesar"]
[Result "0-1"]
[WhiteElo "1899"]
[BlackElo "2167"]
[PlyCount "59"]
[EventDate "2006.10.20"]
[EventType "swiss"]
[EventRounds "9"]
[EventCountry "ESP"]
[Source "lmi"]
[SourceDate "2006.10.20"]

1. e4 c5 2. c3 g6 3. d4 cxd4 4. cxd4 d5 5. exd5 Nf6 6. Nf3 Nxd5 7. Nc3 Bg7 8.
Qb3 Nb6 9. Be3 O-O 10. Be2 Be6 11. Qc2 Nc6 12. Rd1 Nb4 13. Qd2 Nxa2 14. Nxa2
Bxa2 15. Rc1 Rc8 16. Rxc8 Qxc8 17. O-O Nc4 18. Bxc4 Qxc4 19. Rc1 Qe6 20. Ng5
Qd7 21. Ra1 Bd5 22. Rxa7 Rd8 23. Qa5 h6 24. Nf3 Bxf3 25. gxf3 Bxd4 26. Ra8 b6
27. Qa3 Rxa8 28. Qxa8+ Kg7 29. Qe4 Bxe3 30. fxe3 0-1

[Event "6. Open Veteranos de Calviá"]
[Site "Calviá ESP"]
[Date "2006.10.20"]
[Round "1.15"]
[White "Antigua Padros, Jordi"]
[Black "Diaz Begonte, Manuel"]
[Result "1/2-1/2"]
[WhiteElo "2160"]
[BlackElo "1897"]
[PlyCount "93"]
[EventDate "2006.10.20"]
[EventType "swiss"]
[EventRounds "9"]
[EventCountry "ESP"]
[Source "lmi"]
[SourceDate "2006.10.20"]

1. e4 c6 2. d4 d5 3. exd5 Qxd5 4. Nf3 Bg4 5. Be2 Nf6 6. c3 e6 7. Bf4 Bd6 8.
Bxd6 Bxf3 9. Bxf3 Qxd6 10. Qb3 Qc7 11. Qa3 Qe7 12. Qxe7+ Kxe7 13. Nd2 Na6 14.
O-O-O Rhd8 15. Rhe1 Rac8 16. Nc4 Nc7 17. Ne5 a5 18. g4 a4 19. a3 Nb5 20. g5 Nd7
21. Nc4 Nd6 22. Nxd6 Kxd6 23. Be4 Nb6 24. f4 Rc7 25. Rd3 Rh8 26. Rf1 Re7 27.
Rdf3 h6 28. Rh3 h5 29. Bc2 g6 30. Rhf3 Ra8 31. Bd3 Rc7 32. Rd1 Ke7 33. Re1 c5
34. dxc5 Rxc5 35. f5 gxf5 36. Bxf5 Raa5 37. Be4 Rxg5 38. Bxb7 Nc4 39. Rf2 Ne5
40. Be4 h4 41. Rf4 Rg4 42. Ref1 f5 43. Bc2 h3 44. R4f2 Rg2 45. Rxg2 hxg2 46.
Rg1 Nc4 47. Rxg2 1/2-1/2

[Event "6. Open Veteranos de Calviá"]
[Site "Calviá ESP"]
[Date "2006.10.20"]
[Round "1.16"]
[White "Benito Alba, Eladio"]
[Black "Tejero Royo, Fermin"]
[Result "0-1"]
[WhiteElo "1890"]
[BlackElo "2159"]
[PlyCount "88"]
[EventDate "2006.10.20"]
[EventType "swiss"]
[EventRounds "9"]
[EventCountry "ESP"]
[Source "lmi"]
[SourceDate "2006.10.20"]

1. d4 d5 2. c4 c6 3. Nf3 Nf6 4. Nc3 e6 5. e3 Nbd7 6. Qc2 Bd6 7. Bd3 O-O 8. O-O
dxc4 9. Bxc4 b5 10. Bd3 Bb7 11. e4 e5 12. Bg5 exd4 13. Nxd4 Nc5 14. Nf3 Nxd3
15. Bxf6 Qxf6 16. Qxd3 Rad8 17. Qc2 Rfe8 18. Rfe1 Bc8 19. Rad1 Bb4 20. a3 Ba5
21. Rxd8 Rxd8 22. Rd1 Bg4 23. Rxd8+ Bxd8 24. Qd3 Bxf3 25. Qxf3 Qxf3 26. gxf3
Kf8 27. Kf1 Bg5 28. Ke2 Bc1 29. Nd1 Ke7 30. Kd3 Kd6 31. Kc2 Bf4 32. h3 a5 33.
Ne3 g6 34. Kd3 a4 35. Ng2 Be5 36. Kc2 Bd4 37. Ne3 Ke5 38. Ng2 h5 39. b4 axb3+
40. Kxb3 Bxf2 41. a4 bxa4+ 42. Kxa4 Kd4 43. Kb3 Kd3 44. e5 Bg3 0-1

[Event "6. Open Veteranos de Calviá"]
[Site "Calviá ESP"]
[Date "2006.10.20"]
[Round "1.17"]
[White "Serra Olives, Tomas"]
[Black "Mimbrero Cuello, Diego"]
[Result "1-0"]
[WhiteElo "2132"]
[BlackElo "1888"]
[PlyCount "49"]
[EventDate "2006.10.20"]
[EventType "swiss"]
[EventRounds "9"]
[EventCountry "ESP"]
[Source "lmi"]
[SourceDate "2006.10.20"]

1. e4 d6 2. d4 Nf6 3. Nc3 c6 4. f4 Qa5 5. Bd2 e5 6. Nf3 exf4 7. Bd3 Bg4 8. O-O
Bxf3 9. Qxf3 Qb6 10. Ne2 g5 11. Kh1 Nbd7 12. c4 c5 13. Bc3 Bh6 14. Qh3 Bg7 15.
e5 dxe5 16. dxe5 Ng8 17. Bf5 Nf8 18. e6 Nf6 19. exf7+ Kxf7 20. Ng1 h5 21. Nf3
g4 22. Ne5+ Kg8 23. Qh4 Ne4 24. Bxe4 Rd8 25. Bd5+ 1-0

[Event "6. Open Veteranos de Calviá"]
[Site "Calviá ESP"]
[Date "2006.10.20"]
[Round "1.18"]
[White "Solsona Manonelles, Josep"]
[Black "Batalla Batalla, Josep"]
[Result "0-1"]
[WhiteElo "1832"]
[BlackElo "2127"]
[PlyCount "56"]
[EventDate "2006.10.20"]
[EventType "swiss"]
[EventRounds "9"]
[EventCountry "ESP"]
[Source "lmi"]
[SourceDate "2006.10.20"]

1. d4 d5 2. c4 c6 3. Nc3 Nf6 4. Bf4 e6 5. e3 Nbd7 6. Bd3 dxc4 7. Bxc4 b5 8. Bb3
a6 9. Nge2 Bb7 10. O-O c5 11. d5 e5 12. Bg3 c4 13. Bc2 Bc5 14. e4 O-O 15. Kh1
Qe7 16. f4 Ng4 17. Rf3 exf4 18. Nxf4 Nde5 19. Nh3 Nxf3 20. Qxf3 Ne5 21. Qe2
Rad8 22. Rf1 Bd6 23. Nf4 Bc8 24. h3 Rfe8 25. Nh5 Qg5 26. Nd1 Bc5 27. Bf2 Bxf2
28. Rxf2 Ng4 0-1

[Event "6. Open Veteranos de Calviá"]
[Site "Calviá ESP"]
[Date "2006.10.20"]
[Round "1.19"]
[White "Forteza Valls, Jose Maria"]
[Black "Kuenitz, Klaus"]
[Result "1-0"]
[WhiteElo "2105"]
[BlackElo "1820"]
[PlyCount "47"]
[EventDate "2006.10.20"]
[EventType "swiss"]
[EventRounds "9"]
[EventCountry "ESP"]
[Source "lmi"]
[SourceDate "2006.10.20"]

1. e4 d5 2. exd5 Qxd5 3. Nc3 Qd8 4. d4 c5 5. Nf3 cxd4 6. Qxd4 Nc6 7. Bb5 Bd7 8.
Qh4 e6 9. Bg5 Be7 10. O-O Bxg5 11. Qxg5 Qxg5 12. Nxg5 h6 13. Nge4 a6 14. Be2 b5
15. Bf3 Nf6 16. Nxf6+ gxf6 17. Rfe1 O-O 18. Rad1 Rad8 19. Rd6 Ne5 20. Red1 Rde8
21. Bb7 b4 22. Ne4 Kg7 23. f4 Nc6 24. Rxd7 1-0

[Event "6. Open Veteranos de Calviá"]
[Site "Calviá ESP"]
[Date "2006.10.21"]
[Round "2.1"]
[White "Coll, Enriques Lluis"]
[Black "Andersson, Ulf"]
[Result "0-1"]
[WhiteElo "2194"]
[BlackElo "2542"]
[PlyCount "84"]
[EventDate "2006.10.20"]
[EventType "swiss"]
[EventRounds "9"]
[EventCountry "ESP"]
[Source "lmi"]
[SourceDate "2006.10.20"]

1. e4 c5 2. Nc3 Nc6 3. g3 g6 4. Bg2 Bg7 5. d3 e6 6. Be3 d6 7. Qd2 Qa5 8. Nh3
Bd7 9. O-O Nge7 10. f4 O-O 11. g4 f5 12. gxf5 exf5 13. Ng5 Rae8 14. Kh1 Nd4 15.
Qf2 Ne6 16. Nxe6 Bxe6 17. e5 dxe5 18. Bxc5 Nc6 19. Bxf8 Rxf8 20. Rae1 Bf7 21.
fxe5 Bxe5 22. Nd1 Bb8 23. d4 Qc7 24. Qh4 Nxd4 25. Re7 Qd8 26. Nc3 Bd6 27. Nd5
Bxe7 28. Nxe7+ Kg7 29. Qf2 Qxe7 30. Qxd4+ Qf6 31. Qb4 b6 32. a3 Rd8 33. Re1 a5
34. Qb5 Rd2 35. c3 Qd6 36. c4 Re2 37. Rg1 Qc5 38. Qd7 Qxc4 39. Bf3 Re3 40. Ba8
Qc5 41. Rd1 Qe5 42. Bc6 Re2 0-1

[Event "6. Open Veteranos de Calviá"]
[Site "Calviá ESP"]
[Date "2006.10.21"]
[Round "2.2"]
[White "Suba, Mihai"]
[Black "Buxade Roca, Guillermo"]
[Result "1-0"]
[WhiteElo "2535"]
[BlackElo "2205"]
[PlyCount "57"]
[EventDate "2006.10.20"]
[EventType "swiss"]
[EventRounds "9"]
[EventCountry "ESP"]
[Source "lmi"]
[SourceDate "2006.10.20"]

1. Nf3 d5 2. c4 c6 3. e3 Nf6 4. Nc3 e6 5. d4 Nbd7 6. Be2 Bd6 7. O-O O-O 8. Qc2
Re8 9. Rd1 Qe7 10. a3 Nf8 11. e4 dxe4 12. Nxe4 Nxe4 13. Qxe4 e5 14. dxe5 Bxe5
15. Nxe5 Qxe5 16. Qxe5 Rxe5 17. Be3 Bf5 18. b4 Rae8 19. Bf1 a6 20. a4 Ne6 21.
Rd7 Nd8 22. Rd6 f6 23. b5 Nf7 24. Rd2 Rd8 25. Rxd8+ Nxd8 26. Bd4 Re7 27. Bb6
Rd7 28. bxa6 bxa6 29. c5 1-0

[Event "6. Open Veteranos de Calviá"]
[Site "Calviá ESP"]
[Date "2006.10.21"]
[Round "2.3"]
[White "Estrada Martinez, Cesar"]
[Black "Ermenkov, Evgenij"]
[Result "0-1"]
[WhiteElo "2167"]
[BlackElo "2455"]
[PlyCount "70"]
[EventDate "2006.10.20"]
[EventType "swiss"]
[EventRounds "9"]
[EventCountry "ESP"]
[Source "lmi"]
[SourceDate "2006.10.20"]

1. Nf3 g6 2. d4 Bg7 3. e4 d6 4. Bc4 Nf6 5. Qe2 O-O 6. O-O c6 7. Bb3 Qc7 8. e5
dxe5 9. Qxe5 Qd8 10. Re1 e6 11. Bg5 h6 12. Bd2 Na6 13. Nc3 b6 14. Rad1 Bb7 15.
Qe2 Nc7 16. Ne4 c5 17. Nxf6+ Qxf6 18. dxc5 bxc5 19. Qe5 Qe7 20. Qg3 Rad8 21.
Bf4 Nd5 22. Be5 Bxe5 23. Nxe5 Kg7 24. Ng4 Qg5 25. Qe5+ Qxe5 26. Nxe5 Nb6 27. f3
g5 28. Kf2 f6 29. Nc4 e5 30. Nxb6 axb6 31. c3 h5 32. Rxd8 Rxd8 33. Rd1 f5 34.
a4 c4 35. g3 Kf6 0-1

[Event "6. Open Veteranos de Calviá"]
[Site "Calviá ESP"]
[Date "2006.10.21"]
[Round "2.4"]
[White "Bellon Lopez, Juan Manuel"]
[Black "Hutchinson, Paul A"]
[Result "0-1"]
[WhiteElo "2438"]
[BlackElo "2178"]
[PlyCount "174"]
[EventDate "2006.10.20"]
[EventType "swiss"]
[EventRounds "9"]
[EventCountry "ESP"]
[Source "lmi"]
[SourceDate "2006.10.20"]

1. d4 d5 2. Nf3 Nf6 3. c4 c6 4. Nc3 a6 5. h3 e6 6. Bg5 h6 7. Bxf6 Qxf6 8. e3
Nd7 9. Rc1 Bd6 10. Bd3 Qe7 11. cxd5 exd5 12. O-O O-O 13. Re1 f5 14. g3 g5 15.
Nh2 Nf6 16. f4 Ne4 17. Qh5 Kg7 18. Nxe4 dxe4 19. Bc4 Bd7 20. Qe2 Rh8 21. Qf2
Raf8 22. Kh1 Be8 23. Rg1 Kh7 24. Nf1 Rf6 25. Nd2 Rhf8 26. Bb3 b5 27. Bd1 c5 28.
dxc5 Bxc5 29. a3 Qa7 30. Re1 gxf4 31. gxf4 Rg8 32. b4 Bb6 33. Nb3 Bf7 34. Nc5
Rc6 35. Qb2 Qe7 36. Qf2 Rcg6 37. Kh2 Bc4 38. Bh5 Rg2+ 39. Qxg2 Rxg2+ 40. Kxg2
Bxc5 41. bxc5 Qxc5 42. Rc3 Qe7 43. Rec1 Qd7 44. Be2 Kg6 45. Kf2 Bxe2 46. Kxe2
Kh5 47. R1c2 Qg7 48. Kd2 Qg1 49. Rb3 Qg2+ 50. Kc3 Qg8 51. Kb2 Qd5 52. Rbc3 Kh4
53. Rc5 Qd7 54. Rc6 Qg7+ 55. Kb3 a5 56. R2c5 a4+ 57. Kb4 Qb2+ 58. Ka5 Qxa3 59.
Rxh6+ Kg3 60. Rxf5 Qxe3 61. Rxb5 a3 62. Rg6+ Kf3 63. Rb1 Qc3+ 64. Kb6 Qd4+ 65.
Kc7 Qc4+ 66. Rc6 a2 67. Rh1 Qf7+ 68. Kb6 Qb3+ 69. Kc7 Kxf4 70. Rcc1 e3 71. h4
Qf7+ 72. Kb6 Qh5 73. Kc6 e2 74. Kd6 Ke3 75. Ra1 Kf2 76. Rh2+ Kg3 77. Rhh1 Kg2
78. Ke6 Qf3 79. h5 Qf1 80. Rhxf1 exf1=Q 81. Rxa2+ Kg3 82. Ra5 Qe1+ 83. Re5 Qd2
84. Kf6 Qh6+ 85. Kf7 Kf4 86. Rb5 Qd6 87. Rb1 Qd5+ 0-1

[Event "6. Open Veteranos de Calviá"]
[Site "Calviá ESP"]
[Date "2006.10.21"]
[Round "2.5"]
[White "Leskovar, Mario"]
[Black "Serra Olives, Tomas"]
[Result "1-0"]
[WhiteElo "2373"]
[BlackElo "2132"]
[PlyCount "131"]
[EventDate "2006.10.20"]
[EventType "swiss"]
[EventRounds "9"]
[EventCountry "ESP"]
[Source "lmi"]
[SourceDate "2006.10.20"]

1. e4 c5 2. Nf3 d6 3. d4 cxd4 4. Nxd4 Nf6 5. Nc3 a6 6. f4 Nbd7 7. a4 Qc7 8. Bd3
e5 9. Nf3 Be7 10. O-O b6 11. Kh1 Bb7 12. Qe1 O-O 13. Nh4 Rfe8 14. Nf5 Bf8 15.
Qg3 Kh8 16. fxe5 Nxe5 17. Bg5 Nfd7 18. Ne3 f6 19. Ned5 Qd8 20. Be3 Rc8 21. Bd4
Nc6 22. Bg1 Nce5 23. Rf5 g6 24. Rf4 Bh6 25. Rff1 Bg7 26. Rae1 Nc5 27. Ra1 Ncd7
28. Qh3 Nf7 29. Bd4 Nfe5 30. Nf4 Nf8 31. Ncd5 Bxd5 32. Nxd5 Nxd3 33. Bxb6 Nf4
34. Rxf4 Qd7 35. Qd3 Ne6 36. Rff1 Ng5 37. Bd4 Nxe4 38. Nxf6 Bxf6 39. Bxf6+ Kg8
40. Bd4 d5 41. c3 Qc6 42. a5 Rf8 43. Bb6 Qb7 44. Rad1 Rxf1+ 45. Rxf1 Rf8 46.
Rd1 Rf5 47. Kg1 Nd6 48. b3 Nf7 49. Re1 Ne5 50. Qd4 Qf7 51. h3 Qe6 52. Kh1 Kf7
53. Qh4 h5 54. Bd4 Qd6 55. Rxe5 Rxe5 56. Qf4+ Ke6 57. Bxe5 Qxe5 58. Qxe5+ Kxe5
59. Kg1 Kd6 60. Kf2 Kc5 61. Ke3 h4 62. Kd3 Kc6 63. Kd4 Kd6 64. c4 dxc4 65. bxc4
Kc6 66. c5 1-0